书目信息 |
| 题名: |
边境贫困地区生态补偿机制研究
|
|
| 作者: | 孔令英 著 | |
| 分册: | ||
| 出版信息: | 北京 经济管理出版社 2016 |
|
| 页数: | 230页 | |
| 开本: | 24cm | |
| 丛书名: | 经济管理学术文库 | |
| 单 册: | ||
| 中图分类: | X321.245 , X321.2 | |
| 科图分类: | ||
| 主题词: | 贫困区--生态环境--补偿机制--研究--新疆维吾尔自治区 | |
| 电子资源: | ||
| ISBN: | 978-7-5096-4372-3 | |
| 000 | 01815nam 2200313 450 | |
| 001 | 2358698562 | |
| 005 | 20231203161904.69 | |
| 010 | @a978-7-5096-4372-3@dCNY58.00 | |
| 100 | @a20160929d2016 em y0chiy50 ea | |
| 101 | 0 | @achi |
| 102 | @aCN@b110000 | |
| 105 | @aak a 000yy | |
| 200 | 1 | @a边境贫困地区生态补偿机制研究@Abian jing pin kun de ou sheng tai bu chang ji zhi yan jiu@e基于新疆视角@d= Study on payments for environmental services in the border poor areas@ebased on the perspective of Xinjiang@f孔令英著@zeng |
| 210 | @a北京@c经济管理出版社@d2016 | |
| 215 | @a230页@c图@d24cm | |
| 225 | 2 | @a经济管理学术文库@Ajing ji guan li xue shu wen ku@i经济类 |
| 300 | @a教育部人文社会科学研究项目 (10YJA790084) 研究成果 | |
| 306 | @a石河子大学“中西部高校综合实力提升工程”资助出版 | |
| 320 | @a有书目 (第222-230页) | |
| 330 | @a新疆边境贫困地区自然条件恶劣, 生态环境脆弱, 贫困问题复杂而普遍, 与生态环境退化问题呈现出相互影响、互为因果的特殊关系, 形成了“粗放式开发利用-生态破坏-经济贫困-掠夺式开发-生态环境进一步退化-生态贫困-经济更加贫困”的恶性循环。加快贫困地区生态补偿机制的建立是新疆边境贫困地区可持续发展的根本要求, 更是新疆“十三五”期间及未来亟待解决的重大现实问题。本课题旨在研究建立新疆边境贫困地区生态补偿机制, 通过扶贫式生态补偿来改善当地脆弱的生态环境状况, 促进生态与经济的协调发展, 形成缓解贫困的长效机制, 帮助边境贫困地区有效脱贫。 | |
| 410 | 0 | @12001 @a经济管理学术文库@i经济类 |
| 510 | 1 | @aStudy on payments for environmental services in the border poor areas@ebased on the perspective of Xinjiang@zeng |
| 517 | 1 | @a基于新疆视角@Aji yu xin jiang shi jiao |
| 606 | 0 | @a贫困区@x生态环境@x补偿机制@x研究@y新疆维吾尔自治区 |
| 690 | @aX321.245@v5 | |
| 690 | @aX321.2@v4 | |
| 701 | 0 | @a孔令英@Akong ling ying@4著 |
| 801 | 0 | @aCN@b湖北三新@c20160929 |
| 905 | @aBZT@dX321.2@e47 | |
| 边境贫困地区生态补偿机制研究:基于新疆视角= Study on payments for environmental services in the border poor areas:based on the perspective of Xinjiang/孔令英著.-北京:经济管理出版社,2016 |
| 230页:图;24cm.-(经济管理学术文库.经济类) |
| 教育部人文社会科学研究项目 (10YJA790084) 研究成果 |
| ISBN 978-7-5096-4372-3:CNY58.00 |
| 新疆边境贫困地区自然条件恶劣, 生态环境脆弱, 贫困问题复杂而普遍, 与生态环境退化问题呈现出相互影响、互为因果的特殊关系, 形成了“粗放式开发利用-生态破坏-经济贫困-掠夺式开发-生态环境进一步退化-生态贫困-经济更加贫困”的恶性循环。加快贫困地区生态补偿机制的建立是新疆边境贫困地区可持续发展的根本要求, 更是新疆“十三五”期间及未来亟待解决的重大现实问题。本课题旨在研究建立新疆边境贫困地区生态补偿机制, 通过扶贫式生态补偿来改善当地脆弱的生态环境状况, 促进生态与经济的协调发展, 形成缓解贫困的长效机制, 帮助边境贫困地区有效脱贫。 |
| ● |
| 相关链接 |
|
|
|
正题名:边境贫困地区生态补偿机制研究
索取号:X321.2/47
 
预约/预借
| 序号 | 登录号 | 条形码 | 馆藏地/架位号 | 状态 | 备注 |
| 1 | 2001317910 | 2001317910 | 320书库/ [索取号:X321.2/47] | 在馆 | |
| 2 | 2001317911 | 2001317911 | 320书库/ [索取号:X321.2/47] | 在馆 | |
| 3 | 2001317912 | 2001317912 | 320书库/ [索取号:X321.2/47] | 在馆 | |
| 4 | 2001317913 | 2001317913 | 320书库/ [索取号:X321.2/47] | 在馆 | |
| 5 | 2001317914 | 2001317914 | 320书库/ [索取号:X321.2/47] | 在馆 | |
| 6 | 2001317915 | 2001317915 | 320书库/ [索取号:X321.2/47] | 在馆 | |
| 7 | 2001317916 | 2001317916 | 320书库/ [索取号:X321.2/47] | 在馆 | |
| 8 | 2001317917 | 2001317917 | 320书库/ [索取号:X321.2/47] | 在馆 | |
| 9 | 2001317918 | 2001317918 | 320书库/ [索取号:X321.2/47] | 在馆 | |
| 10 | 2001317919 | 2001317919 | 320书库/ [索取号:X321.2/47] | 在馆 | |
| 11 | 2001317920 | 2001317920 | 320书库/ [索取号:X321.2/47] | 在馆 | |
| 12 | 2001317921 | 2001317921 | 320书库/ [索取号:X321.2/47] | 在馆 | |
| 13 | 2001317922 | 2001317922 | 320书库/ [索取号:X321.2/47] | 在馆 | |
| 14 | 2001317923 | 2001317923 | 320书库/ [索取号:X321.2/47] | 在馆 | |
| 15 | 2001317924 | 2001317924 | 320书库/ [索取号:X321.2/47] | 在馆 | |
| 16 | 2001317925 | 2001317925 | 320书库/ [索取号:X321.2/47] | 在馆 | |
| 17 | 2001317926 | 2001317926 | 320书库/ [索取号:X321.2/47] | 在馆 | |
| 18 | 2001317927 | 2001317927 | 320书库/ [索取号:X321.2/47] | 在馆 | |
| 19 | 2001317928 | 2001317928 | 320书库/ [索取号:X321.2/47] | 在馆 | |
| 20 | 2001317929 | 2001317929 | 320书库/ [索取号:X321.2/47] | 在馆 |